| 000 | 00381nam a22001697a 4500 | ||
|---|---|---|---|
| 003 | MPLRDC | ||
| 005 | 20220104172110.0 | ||
| 008 | 210129b ||||| |||| 00| 0 eng d | ||
| 082 | _a873.75 SWI c.2 | ||
| 100 | _aJONATHAN SWIFT | ||
| 245 |
_aGULLIVER'S TRAVELS _c |
||
| 250 | _a初版 | ||
| 260 |
_a _bOXFORD _c1991 |
||
| 300 | _b平 | ||
| 650 | _a | ||
| 942 |
_cBK _o873.75 SWI c.2 |
||
| 999 |
_c58771 _d58761 |
||